header

The King James version at 400 : (Record no. 146465)

MARC details
000 -LEADER
fixed length control field 02066nam a2200433 i 4500
001 - CONTROL NUMBER
control field ebr10805749
003 - CONTROL NUMBER IDENTIFIER
control field CaPaEBR
006 - FIXED-LENGTH DATA ELEMENTS--ADDITIONAL MATERIAL CHARACTERISTICS--GENERAL INFORMATION
fixed length control field m o d
007 - PHYSICAL DESCRIPTION FIXED FIELD--GENERAL INFORMATION
fixed length control field cr cn|||||||||
008 - FIXED-LENGTH DATA ELEMENTS--GENERAL INFORMATION
fixed length control field 130409s2013 gauab ob 101 0 eng d
020 ## - INTERNATIONAL STANDARD BOOK NUMBER
Cancelled/invalid ISBN 9781589837980
International Standard Book Number 9781589837997 (e-book)
040 ## - CATALOGING SOURCE
Original cataloging agency CaPaEBR
Language of cataloging eng
Description conventions rda
-- pn
Transcribing agency CaPaEBR
035 ## - SYSTEM CONTROL NUMBER
System control number (OCoLC)868915785
050 14 - LIBRARY OF CONGRESS CALL NUMBER
Classification number BS188
Item number .K564 2013eb
082 04 - DEWEY DECIMAL CLASSIFICATION NUMBER
Classification number 220.5/2038
Edition number 23
245 04 - TITLE STATEMENT
Title The King James version at 400 :
Remainder of title assessing its genius as Bible translation and its literary influence /
Statement of responsibility, etc edited by David G. Burke, John F. Kutsko, and Philip H. Towner.
264 #1 - PRODUCTION, PUBLICATION, DISTRIBUTION, MANUFACTURE, AND COPYRIGHT NOTICE
Place of production, publication, distribution, manufacture Atlanta :
Name of producer, publisher, distributor, manufacturer Society of Biblical Literature,
Date of production, publication, distribution, manufacture, or copyright notice [2013]
Date of production, publication, distribution, manufacture, or copyright notice �2013
300 ## - PHYSICAL DESCRIPTION
Extent 1 online resource (581 pages) :
Other physical details illustrations, maps.
336 ## - CONTENT TYPE
Content type term text
Source rdacontent
337 ## - MEDIA TYPE
Media type term computer
Source rdamedia
338 ## - CARRIER TYPE
Carrier type term online resource
Source rdacarrier
490 1# - SERIES STATEMENT
Series statement Society of Biblical Literature Biblical Scholarship in North America ;
Volume number/sequential designation number 26
504 ## - BIBLIOGRAPHY, ETC. NOTE
Bibliography, etc Includes bibliographies and index.
588 ## - SOURCE OF DESCRIPTION NOTE
Source of description note Description based on print version record.
590 ## - LOCAL NOTE (RLIN)
Local note Electronic reproduction. Palo Alto, Calif. : ebrary, 2014. Available via World Wide Web. Access may be limited to ebrary affiliated libraries.
630 00 - SUBJECT ADDED ENTRY--UNIFORM TITLE
Uniform title Bible.
Language of a work English.
Version Authorized
General subdivision History
Form subdivision Congresses.
Uniform title Bible.
Language of a work English.
Version Authorized
General subdivision Influence
Form subdivision Congresses.
Uniform title Bible
General subdivision Translating
Form subdivision Congresses.
655 #0 - INDEX TERM--GENRE/FORM
Genre/form data or focus term Electronic books.
700 1# - ADDED ENTRY--PERSONAL NAME
Personal name Burke, David G.
Personal name Kutsko, John F.,
Dates associated with a name 1963-
Personal name Towner, Philip H.,
Dates associated with a name 1953-
776 08 - ADDITIONAL PHYSICAL FORM ENTRY
Display text Print version:
Title King James version at 400.
Place, publisher, and date of publication Atlanta : Society of Biblical Literature, [2013]
Physical description xxiv, 553 pages : illustrations, maps ; 23 cm.
Series data for related item Biblical scholarship in North America ; 26.
International Standard Book Number 9781589837980
Record control number (OCoLC)841187580
-- (DLC) 2013014407
797 2# - LOCAL ADDED ENTRY--CORPORATE NAME (RLIN)
Corporate name or jurisdiction name as entry element ebrary.
830 #0 - SERIES ADDED ENTRY--UNIFORM TITLE
Uniform title Biblical scholarship in North America ;
Volume number/sequential designation no. 26.
856 40 - ELECTRONIC LOCATION AND ACCESS
Uniform Resource Identifier <a href="http://site.ebrary.com/lib/rucke/Doc?id=10805749">http://site.ebrary.com/lib/rucke/Doc?id=10805749</a>
Public note An electronic book accessible through the World Wide Web; click to view

No items available.

© 2026 Rongo University
Contact us: librarian | system librarian | Rongo university